000 00498nam a2200169 i 4500
001 76088
003 ES-MaACL
005 20230906172720.0
007 t|
008 040929s1961 ag ||||1| spa d
100 1 _aGreen, Julien.
_959843
245 1 0 _aCada hombre en su noche /
_cpor Julien Green ; traducción de J. Ferrer Aleu.
260 _aBuenos Aires :
_bPlaza & Janés,
_c[1961]
300 _a327 p. ;
_c22 cm.
700 1 _aFerrer Aleu, J.
_950442
852 _aES-MaACL
_jC-19848
_bR.47632
999 _c76088
_d76088